Progetto pilota : Deir el Ahmar, Deir Anba Bishoi /

محفوظ في:

المؤلف الرئيسي: Severini, Francesca

التنسيق: كتاب

اللغة: Undetermined

منشور في: Roma : Universita degli studi Roma Tre, 2004.

الموضوعات:

الوسوم: إضافة وسم

لا توجد وسوم, كن أول من يضع وسما على هذه التسجيلة!

رقم الطلب: DT73 .S6

LEADER 00632nam a2200169Ia 4500
008 220401s9999||||xx |||||||||||||| ||und||
020 |a 8883680103 
050 4 |a DT73 .S6 
100 1 |a Severini, Francesca 
245 1 0 |a Progetto pilota :  |b Deir el Ahmar, Deir Anba Bishoi /  |c Francesca Severini. 
264 1 |a Roma :  |b Universita degli studi Roma Tre,  |c 2004. 
300 |a 233p. :  |b ill. ;  |c 30cm. 
650 1 4 |a Deir el Ahmar (Egypt) Antiquities. 
650 1 4 |a Egypt Antiquities. 
942 |2 lcc  |c BK 
952 |0 0  |1 0  |2 lcc  |4 0  |6 DT0073 S6  |7 1  |9 39161  |a ARCE  |b ARCE  |d 2022-04-01  |l 0  |o DT73 .S6  |p 1000793  |r 2022-04-01 00:00:00  |w 2022-04-01  |y BK 
999 |c 46742  |d 46742